Income Tax Act 1967 (Act 53) with Selected Regulations & Rules : (Record no. 4521)

000 -LEADER
fixed length control field nam a22 a 4500
003 - CONTROL NUMBER IDENTIFIER
control field AKMAL
005 - DATE AND TIME OF LATEST TRANSACTION
control field 20170531085019.0
008 - FIXED-LENGTH DATA ELEMENTS--GENERAL INFORMATION
fixed length control field 17 s2005 my | e l 000 0 eng d
020 ## - INTERNATIONAL STANDARD BOOK NUMBER
International Standard Book Number 9678915731 (pbk.)
040 ## - CATALOGING SOURCE
Transcribing agency AKMAL
082 04 - DEWEY DECIMAL CLASSIFICATION NUMBER
Classification number 343.5950523 INC
Edition number 22
090 00 - LOCALLY ASSIGNED LC-TYPE CALL NUMBER (OCLC); LOCAL CALL NUMBER (RLIN)
Classification number (OCLC) (R) ; Classification number, CALL (RLIN) (NR) 343.5950523
Local cutter number (OCLC) ; Book number/undivided call number, CALL (RLIN) INC
110 1# - MAIN ENTRY--CORPORATE NAME
Corporate name or jurisdiction name as entry element Malaysia
9 (RLIN) 400
240 10 - UNIFORM TITLE
Uniform title Akta Cukai Pendapatan, 1967.
Language of a work English
245 10 - TITLE STATEMENT
Title Income Tax Act 1967 (Act 53) with Selected Regulations & Rules :
Remainder of title (as at 20th January 2005) /
Statement of responsibility, etc. compiled by Legal Research Board
260 ## - PUBLICATION, DISTRIBUTION, ETC.
Place of publication, distribution, etc. Petaling Jaya :
Name of publisher, distributor, etc. International Law Book Services,
Date of publication, distribution, etc. 2005
300 ## - PHYSICAL DESCRIPTION
Extent 504p. ;
Dimensions 24cm.
440 #0 - SERIES STATEMENT/ADDED ENTRY--TITLE
Title Laws of Malaysia
9 (RLIN) 1830
650 10 - SUBJECT ADDED ENTRY--TOPICAL TERM
Topical term or geographic name entry element Income tax
General subdivision Law and legislation
Geographic subdivision Malaysia
9 (RLIN) 8744
710 2# - ADDED ENTRY--CORPORATE NAME
Corporate name or jurisdiction name as entry element Lembaga Penyelidikan Undang-Undang
9 (RLIN) 8745
942 ## - ADDED ENTRY ELEMENTS (KOHA)
Source of classification or shelving scheme
Koha item type Book
Holdings
Withdrawn status Lost status Source of classification or shelving scheme Damaged status Not for loan Collection code Home library Current library Shelving location Date acquired Inventory number Total Checkouts Full call number Barcode Date last seen Price effective from Koha item type Public note
          NON-FICTION AKMAL Melaka AKMAL Melaka PINJAMAN 31.05.2017 304082   343.5950523 INC 201707104 31.05.2017 31.05.2017 Book  
          NON-FICTION AKMAL Melaka AKMAL Melaka PINJAMAN 31.05.2017 304080   343.5950523 INC 201707103 31.05.2017 31.05.2017 Book  
          NON-FICTION AKMAL Melaka AKMAL Melaka PINJAMAN 31.05.2017 304081   343.5950523 INC 201707102 31.05.2017 31.05.2017 Book Dilupuskan. No. Fail. ARKIBMLK.600-6/9/1 Jld.7 (54)
Pusat Sumber Maklumat Dato' Haji Sarmin Md Hussin, Akademi Kastam Diraja Malaysia, Melaka
Tel: 06-2331106 | Faks: 06-2313787